Pokémon Generique 8 - Invincible - Statistiques

Statistiques générales
  • Ce quiz a été pris 616 fois
  • Le résultat moyen est 102 sur 120
Statistiques - réponses
Paroles % Correct
Je
98%
Suis
96%
suis
96%
Invincible !
95%
Pokémon !
95%
A
94%
De
93%
Le
92%
Ma
92%
Me
91%
La
90%
Mes
90%
Amis
89%
Oh
89%
Sont
89%
(Combat ! )
87%
(Combat !)
87%
Sur
87%
Destinée,
86%
Ultime.
86%
(Ultime)
86%
Cotés,
85%
Les
85%
Chemin
84%
Ou
83%
Terre,
83%
Adversaires.
82%
Dans
82%
En
82%
Airs,
80%
C'est
80%
Mer
80%
Gagner,
79%
Nous
78%
Triompherai
78%
Vaincre
78%
Devise !
74%
Devise
74%
épreuve
74%
Ils
73%
Cette
72%
Mais
72%
Rage
72%
Du
71%
Passé,
70%
Vont
69%
Battre
67%
D'ailleurs
67%
Venus
67%
Viennent
67%
Anime,
66%
Pires
66%
Réussirons
66%
échouer
65%
Une
65%
Qu'ils
62%
Que
57%
Telle
56%
Aucun quiz correspondant
Distribution des résultats
% des personnes avec chaque résultat
Percentile par nombre de réponses
Votre historique - résultats
Vous n’avez pas pris ce quiz